| 000 | 00399nam a2200145Ia 4500 | ||
|---|---|---|---|
| 008 | 231129s2013||||xx |||||||||||||| ||spa|| | ||
| 020 | _a978-958-722-167-1 | ||
| 040 | _bspa | ||
| 082 | _aCo864 A581p | ||
| 100 | _aíngel Alzate Victoria Eugenia | ||
| 245 | 0 | _aLa palabra plural | |
| 260 | _c2013 | ||
| 264 | _aEdiciones sin nombre; Pereira | ||
| 942 |
_2ddc _cBKS |
||
| 999 |
_c17860 _d17860 |
||